Cost accounting: planning and control
Gespeichert in:
| Hauptverfasser: | , |
|---|---|
| Format: | Buch |
| Sprache: | Englisch |
| Veröffentlicht: |
Cincinnati
South-Western
1984
|
| Ausgabe: | 8a. ed |
| Schlagworte: | |
| Tags: |
Tag hinzufügen
Keine Tags, Fügen Sie den ersten Tag hinzu!
|
MARC
| LEADER | 00000nam a2200000 a 4500 | ||
|---|---|---|---|
| 001 | UCQ0230 | ||
| 003 | CL-VaPUC | ||
| 008 | 980627e19840000US |||||||||||||||||eng|d | ||
| 082 | 0 | 4 | |a 658.151 |b MAT |2 21 |
| 100 | |a Matz, Adolph |e autor |9 413327 | ||
| 700 | 0 | |a Usry, Milton F |e author |9 413328 | |
| 245 | 1 | 0 | |a Cost accounting: planning and control |
| 250 | |a 8a. ed | ||
| 300 | |a 786 p | ||
| 942 | |c BK | ||
| 945 | |d 19980627 00:00:00 |a cmena | ||
| 260 | |a Cincinnati |b South-Western |c 1984 | ||
| 650 | 0 | |a Administración financiera |9 261146 | |
| 650 | 0 | |a Contabilidad de costos |9 260564 | |
| 650 | 7 | |a PLANIFICACION Y CONTROL |2 CL-VaPUC |9 413329 | |
| 650 | 0 | |a Costos |9 261063 | |
| 650 | 0 | |a Marketing |9 259324 | |
| 583 | |a last modification |c 19980627 00:00:00 |k Rodrigo Vera | ||
| 999 | |c 271369 |d 271367 | ||
| 952 | |0 0 |1 0 |4 0 |6 658_151000000000000_MAT_1984 |7 0 |8 P |9 306008 |a BIBGIM |b BIBGIM |d 2019-11-20 |i 1426338 |o 658.151 MAT 1984 |p 1426338 |r 2025-01-15 |w 2019-11-20 |y BK |k COM | ||